Organic matter dynamics in a forest soil as affected by climate change
Enregistré dans:
| Auteur principal: | |
|---|---|
| Format: | Livre |
| Langue: | Undetermined |
| Publié: |
The Netherland
Wageningen University
1988
|
| Sujets: | |
| Tags: |
Ajouter un tag
Pas de tags, Soyez le premier à ajouter un tag!
|
| Thư viện lưu trữ: | Trung tâm Học liệu Trường Đại học Cần Thơ |
|---|
| LEADER | 00551nam a2200181Ia 4500 | ||
|---|---|---|---|
| 001 | CTU_38970 | ||
| 008 | 210402s9999 xx 000 0 und d | ||
| 082 | |a 333.75 | ||
| 082 | |b V477 | ||
| 100 | |a Paul Verburg | ||
| 245 | 0 | |a Organic matter dynamics in a forest soil as affected by climate change | |
| 245 | 0 | |c Paul Verburg | |
| 260 | |a The Netherland | ||
| 260 | |b Wageningen University | ||
| 260 | |c 1988 | ||
| 650 | |a climate, influence of,forest soils,soils | ||
| 904 | |i Liên, 000603 | ||
| 980 | |a Trung tâm Học liệu Trường Đại học Cần Thơ | ||